[Event "Curitiba Sul Region-ch"]
[Site "Curitiba"]
[Date "2017.04.14"]
[Round "1"]
[White "Inamura, Newton Takanori"]
[Black "Gazola, Andre Augusto"]
[Result "1-0"]
[WhiteElo "1899"]
[BlackElo "2017"]
[PlyCount "57"]
[EventDate "2017.04.14"]
[EventType "swiss"]
[EventRounds "6"]
[EventCountry "BRA"]
[SourceTitle "CBM 178 Extra"]
[Source "ChessBase"]
[SourceDate "2017.06.22"]
[SourceVersion "1"]
[SourceVersionDate "2017.06.22"]
[SourceQuality "1"]

1. e4 c5 2. Nc3 Nc6 3. Bc4 e6 4. a3 Nf6 5. d3 Be7 6. Nge2 0-0 7. 0-0 a6 8. Bg5 h6 9. Bh4 Nxe4 10. Bxe7 Nxc3 11. Bxd8 Nxd1 12. Bb6 Nxb2 13. Bb3 c4 14. dxc4 Ne5 15. Bd4 Nbxc4 16. f4 Nd2 17. Bxe5 Nxf1 18. Rxf1 d5 19. Rf3 Bd7 20. Rg3 g6 21. f5 Kh7 22. Nf4 Rg8 23. fxg6+ fxg6 24. c3 Raf8 25. Bc2 Rxf4 26. Bxf4 Bb5 27. Rh3 h5 28. Rxh5+ Kg7 29. Be5+ 1-0

[Event "Florianopolis op 3rd"]
[Site "Florianopolis"]
[Date "2017.01.22"]
[Round "4"]
[White "De Pieri, Herik Soares"]
[Black "Gazola, Andre Augusto"]
[Result "0-1"]
[WhiteElo "1735"]
[BlackElo "2026"]
[PlyCount "128"]
[EventDate "2017.01.20"]
[EventType "swiss"]
[EventRounds "10"]
[EventCountry "BRA"]
[SourceTitle "CBM 176 Extra"]
[Source "ChessBase"]
[SourceDate "2017.03.02"]
[SourceVersion "1"]
[SourceVersionDate "2017.03.02"]
[SourceQuality "1"]

1. e4 c5 2. c3 d5 3. exd5 Nf6 4. Nf3 Nxd5 5. d4 e6 6. Be2 cxd4 7. Nxd4 Be7 8. 0-0 0-0 9. Nd2 e5 10. N4f3 Nc6 11. Nc4 Bf6 12. Qc2 Be6 13. Re1 Rc8 14. Bd3 Ndb4 15. cxb4 Nxb4 16. Bxh7+ Kh8 17. Qa4 Rxc4 18. b3 Nd3 19. bxc4 Nxe1 20. Ba3 Nxf3+ 21. gxf3 Be7 22. Rd1 Qc7 23. Be4 b6 24. Bd5 Bf5 25. Be4 Bh3 26. Bb2 Bd6 27. Kh1 Qe7 28. Qc6 Bc5 29. f4 Bd4 30. Bxd4 exd4 31. Qd5 f5 32. Bf3 Re8 33. Qe5 Qxe5 34. fxe5 Rxe5 35. Bg2 Bxg2+ 36. Kxg2 Re4 37. a4 d3 38. Rxd3 Rxc4 39. a5 Rc5 40. axb6 axb6 41. Rd6 b5 42. Kg3 b4 43. Rb6 Rc4 44. h4 Rg4+ 45. Kh3 Kh7 46. h5 Rg1 47. Rxb4 Rh1+ 48. Kg3 Rxh5 49. f4 Rh6 50. Rb5 Rf6 51. Kh4 Kg6 52. Ra5 Re6 53. Rb5 Kf6 54. Ra5 Rc6 55. Rb5 Kg6 56. Ra5 Rf6 57. Rb5 Kh6 58. Ra5 g6 59. Ra8 Rb6 60. Rh8+ Kg7 61. Ra8 Rb1 62. Ra7+ Kh6 63. Rc7 Rg1 64. Ra7 Rg4+ 0-1

[Event "Florianopolis op 3rd"]
[Site "Florianopolis"]
[Date "2017.01.21"]
[Round "3"]
[White "Gazola, Andre Augusto"]
[Black "Cunha, Lucas Aguiar"]
[Result "0-1"]
[WhiteElo "2026"]
[BlackElo "2287"]
[PlyCount "122"]
[EventDate "2017.01.20"]
[EventType "swiss"]
[EventRounds "10"]
[EventCountry "BRA"]
[SourceTitle "CBM 176 Extra"]
[Source "ChessBase"]
[SourceDate "2017.03.02"]
[SourceVersion "1"]
[SourceVersionDate "2017.03.02"]
[SourceQuality "1"]

1. e4 c5 2. Nf3 e6 3. c4 Nc6 4. d4 cxd4 5. Nxd4 Nf6 6. Nc3 Bb4 7. Nxc6 bxc6 8. Bd3 e5 9. 0-0 0-0 10. Be3 d6 11. h3 Bxc3 12. bxc3 Nd7 13. Qa4 c5 14. f4 exf4 15. Bxf4 Qc7 16. Rad1 Nb6 17. Qc2 Be6 18. Qe2 f6 19. Qh5 Bf7 20. Qf5 Rfe8 21. e5 Bg6 22. exd6 Qc6 23. Qg4 Bxd3 24. Rxd3 Rad8 25. Rg3 Rd7 26. Bh6 Qe4 27. Rf4 Qg6 28. Qh4 Re1+ 29. Rf1 Rxf1+ 30. Kxf1 Qb1+ 31. Kf2 Qf5+ 32. Kg1 Kh8 33. Qf4 Qxf4 34. Bxf4 g5 35. Be3 Na4 36. h4 h6 37. Rf3 Rxd6 38. Rf5 Kg7 39. h5 a6 40. Bxc5 Rd1+ 41. Kf2 Nxc3 42. Be7 Ne4+ 43. Kf3 Rd4 44. Ra5 Kf7 45. Ba3 Rxc4 46. Rxa6 f5 47. Bb2 Rb4 48. Be5 g4+ 49. Ke3 Nc5 50. Ra7+ Ke6 51. Bg7 f4+ 52. Ke2 Re4+ 53. Kd2 f3 54. gxf3 gxf3 55. Ra3 Rf4 56. Ke1 f2+ 57. Kf1 Ne4 58. Re3 Kf5 59. Rxe4 Kxe4 60. Bxh6 Rf5 61. Bg7 Kf3 0-1

[Event "Blumenau Ann 100 op"]
[Site "Blumenau"]
[Date "2016.09.25"]
[Round "6"]
[White "Gazola, Andre Augusto"]
[Black "Volkmann, Andre Jordi"]
[Result "1/2-1/2"]
[WhiteElo "2017"]
[BlackElo "1792"]
[PlyCount "97"]
[EventDate "2016.09.23"]
[EventType "swiss"]
[EventRounds "6"]
[EventCountry "BRA"]
[SourceTitle "CBM 174 Extra"]
[Source "ChessBase"]
[SourceDate "2016.10.10"]
[SourceVersion "1"]
[SourceVersionDate "2016.10.10"]
[SourceQuality "1"]

1. e4 d5 2. exd5 Qxd5 3. Nf3 Bg4 4. Be2 Nf6 5. d4 c6 6. h3 Bh5 7. Be3 e6 8. c4 Qa5+ 9. Nbd2 Nbd7 10. 0-0 Bd6 11. c5 Bb8 12. Nc4 Qd8 13. Bg5 0-0 14. Bh4 Qe7 15. Qb3 Bc7 16. Qxb7 Bxf3 17. Bxf3 Nb6 18. Qa6 Nxc4 19. Qxc4 Qd7 20. Rfd1 Nd5 21. Bxd5 exd5 22. Qd3 Rab8 23. b3 Rfe8 24. Re1 f5 25. f3 Ba5 26. Rxe8+ Rxe8 27. a3 f4 28. Bf2 Bd8 29. Re1 Rxe1+ 30. Bxe1 Bf6 31. Bc3 Qe6 32. b4 h6 33. a4 a6 34. Bd2 Qe8 35. Kf1 g5 36. Be1 Kg7 37. Bf2 Qa8 38. Ke2 Qb7 39. Qb1 Kf7 40. Kd2 Ke8 41. Kc3 Kd8 42. Qg6 Qe7 43. Qxh6 Kc7 44. Qg6 Qe2 45. Qxf6 Qc4+ 46. Kd2 Qxb4+ 47. Ke2 Qc4+ 48. Ke1 Qc1+ 49. Ke2 1/2-1/2

[Event "Blumenau Ann 100 op"]
[Site "Blumenau"]
[Date "2016.09.24"]
[Round "3"]
[White "Gauche, Charles"]
[Black "Gazola, Andre Augusto"]
[Result "1-0"]
[WhiteElo "2237"]
[BlackElo "2017"]
[PlyCount "107"]
[EventDate "2016.09.23"]
[EventType "swiss"]
[EventRounds "6"]
[EventCountry "BRA"]
[SourceTitle "CBM 174 Extra"]
[Source "ChessBase"]
[SourceDate "2016.10.10"]
[SourceVersion "1"]
[SourceVersionDate "2016.10.10"]
[SourceQuality "1"]

1. e4 c5 2. Nf3 d6 3. Bb5+ Bd7 4. Bxd7+ Nxd7 5. 0-0 Ngf6 6. Re1 e6 7. b3 Be7 8. Bb2 0-0 9. d4 cxd4 10. Qxd4 Qc7 11. c4 a6 12. Nc3 Rab8 13. Rac1 Rfd8 14. h3 Bf8 15. Qe3 Qc5 16. Nd4 g6 17. Red1 Bg7 18. f3 Qh5 19. Qf2 Bh6 20. Rb1 Qc5 21. Bc1 Bxc1 22. Rbxc1 Nh5 23. Nc2 Nf4 24. Qxc5 Nxc5 25. Rd2 b5 26. Ne3 b4 27. Ne2 Nxe2+ 28. Rxe2 Kf8 29. Rd1 a5 30. Red2 Ke7 31. Nc2 e5 32. Ne3 Rb7 33. Nd5+ Ke6 34. Re2 f5 35. exf5+ gxf5 36. Nf4+ Kf6 37. Nd3 Ne6 38. Nxe5 Nf4 39. Ree1 Rg7 40. g4 Nxh3+ 41. Kh2 Nf2 42. Rd5 fxg4 43. Kg3 gxf3+ 44. Kxf2 Rg2+ 45. Kxf3 Rxa2 46. Ng4+ Kf7 47. Rf5+ Kg6 48. Kf4 Rd7 49. Re6+ Kg7 50. Ref6 h6 51. Nxh6 Rf2+ 52. Kg5 Rxf5+ 53. Nxf5+ Kg8 54. Kg6 1-0

[Event "Blumenau Ann 100 op"]
[Site "Blumenau"]
[Date "2016.09.24"]
[Round "4"]
[White "Gazola, Andre Augusto"]
[Black "Kirchner, Jaison"]
[Result "1-0"]
[WhiteElo "2017"]
[BlackElo "1819"]
[PlyCount "79"]
[EventDate "2016.09.23"]
[EventType "swiss"]
[EventRounds "6"]
[EventCountry "BRA"]
[SourceTitle "CBM 174 Extra"]
[Source "ChessBase"]
[SourceDate "2016.10.10"]
[SourceVersion "1"]
[SourceVersionDate "2016.10.10"]
[SourceQuality "1"]

1. e4 e6 2. d4 d5 3. Nd2 Nf6 4. e5 Nfd7 5. c3 c5 6. Bd3 Nc6 7. Ne2 Qb6 8. Nf3 cxd4 9. cxd4 Bb4+ 10. Bd2 h6 11. h4 Be7 12. Bc3 Qd8 13. h5 a6 14. Rh3 b5 15. b3 Bb7 16. Rg3 Kf8 17. Qd2 Qb6 18. Qf4 Rc8 19. Qg4 Ke8 20. Qxg7 Rf8 21. Qxh6 Bb4 22. Bxb4 Nxb4 23. Qd2 Nxd3+ 24. Qxd3 Rh8 25. Rh3 a5 26. Qd2 b4 27. Rc1 Rxc1+ 28. Qxc1 Ba6 29. h6 Qb5 30. Qd2 a4 31. h7 Nf8 32. Ng5 Ng6 33. Rf3 Nh4 34. Rxf7 axb3 35. axb3 Nxg2+ 36. Kf1 Rxh7 37. Rxh7 Nf4 38. Qxf4 Qxe2+ 39. Kg2 Qf1+ 40. Kh2 1-0

[Event "Florianopolis Winter U220 op"]
[Site "Florianopolis"]
[Date "2016.08.20"]
[Round "5"]
[White "Gazola, Andre Augusto"]
[Black "Bitencourt, Evandro Jose dos S"]
[Result "0-1"]
[WhiteElo "2099"]
[BlackElo "1799"]
[PlyCount "114"]
[EventDate "2016.08.19"]
[EventType "swiss"]
[EventRounds "7"]
[EventCountry "BRA"]
[SourceTitle "CBM 174 Extra"]
[Source "ChessBase"]
[SourceDate "2016.10.10"]
[SourceVersion "1"]
[SourceVersionDate "2016.10.10"]
[SourceQuality "1"]

1. e4 c5 2. Nf3 d6 3. d4 cxd4 4. Nxd4 Nf6 5. Nc3 a6 6. f3 e5 7. Nb3 Be6 8. Be3 Nbd7 9. Qd2 Qc7 10. g4 Rc8 11. 0-0-0 b5 12. Kb1 Nb6 13. Bxb6 Qxb6 14. Nd5 Bxd5 15. exd5 Be7 16. h4 0-0 17. Bd3 Rc7 18. Rhe1 b4 19. Qe2 a5 20. Bb5 Rfc8 21. Bc6 Nd7 22. g5 Nb8 23. f4 Nxc6 24. dxc6 a4 25. Nc1 Qxc6 26. fxe5 dxe5 27. Qe4 Qxc2+ 28. Qxc2 Rxc2 29. Rxe5 Bf8 30. Re2 R2c4 31. Rh2 a3 32. bxa3 bxa3 33. Nb3 Bb4 34. Rc1 Rxc1+ 35. Nxc1 Bd6 36. Rh1 Be5 37. Nb3 Bb2 38. h5 Re8 39. Rg1 Re2 40. Rd1 Kf8 41. Nc5 Be5 42. Nd3 Re3 43. Kc2 f6 44. gxf6 Bxf6 45. Rh1 Kf7 46. Nf4 Rf3 47. Nd5 Rf2+ 48. Kb3 Rf3+ 49. Kc2 Rf2+ 50. Kb3 Rf3+ 51. Kc2 Ke6 52. Nxf6 Kxf6 53. Rh2 Kg5 54. Rg2+ Kh6 55. Rg4 Rh3 56. Rg2 Rxh5 57. Kb3 Rh3+ 0-1

[Event "Porto Alegre IRT U2200 1st"]
[Site "Porto Alegre"]
[Date "2016.04.09"]
[Round "2.1"]
[White "Gazola, Andre Augusto"]
[Black "Stapenhorst, Matheus Frederico"]
[Result "1/2-1/2"]
[WhiteElo "2084"]
[BlackElo "1772"]
[PlyCount "87"]
[EventDate "2016.04.09"]
[EventType "swiss"]
[EventRounds "5"]
[EventCountry "BRA"]
[SourceTitle "EXT 2022"]
[Source "ChessBase"]
[SourceDate "2021.10.06"]
[SourceVersion "1"]
[SourceVersionDate "2021.10.06"]
[SourceQuality "1"]

1. e4 c5 2. Nf3 g6 3. d4 cxd4 4. Nxd4 Nc6 5. c4 Nf6 6. Nc3 d6 7. Be2 Nxd4 8. Qxd4 Bg7 9. Bg5 0-0 10. Qd2 Bd7 11. 0-0 Bc6 12. f3 a5 13. b3 Re8 14. Rab1 Nd7 15. a3 Rc8 16. Rfc1 b6 17. Be3 Qc7 18. Bf1 Qb7 19. b4 Qa7 20. Qf2 axb4 21. axb4 Qa3 22. Nd5 Bxd5 23. exd5 Rb8 24. Rc2 Ra8 25. Kh1 Bc3 26. Bd2 Bxd2 27. Qxd2 Ra7 28. Qd4 Rc8 29. Rcc1 Ra4 30. Re1 Re8 31. Qd2 Ra7 32. Qd4 Ra4 33. Qd2 Ra7 34. Re3 Qa2 35. Qe1 Ne5 36. c5 bxc5 37. bxc5 Qxd5 38. cxd6 Nc6 39. Rd1 Nd4 40. dxe7 Qc5 41. Re5 Raxe7 42. Rxe7 Rxe7 43. Qh4 Nf5 44. Qa4 1/2-1/2

[Event "Dois Irmaos op"]
[Site "Dois Irmaos"]
[Date "2011.12.18"]
[Round "6"]
[White "Serra Azul da Fonseca, Luis Ernesto"]
[Black "Gazola, Andre Augusto"]
[Result "1-0"]
[WhiteElo "2062"]
[BlackElo "2105"]
[PlyCount "65"]
[EventDate "2011.12.16"]
[EventType "swiss"]
[EventRounds "6"]
[EventCountry "BRA"]
[SourceTitle "CBM 146 Extra"]
[Source "ChessBase"]
[SourceDate "2012.02.29"]
[SourceVersion "1"]
[SourceVersionDate "2012.02.29"]
[SourceQuality "1"]

1. e4 c5 2. Nf3 d6 3. d4 cxd4 4. Nxd4 Nf6 5. Nc3 a6 6. Bg5 e6 7. Qd2 Nbd7 8. Be2 Qc7 9. 0-0 b5 10. a3 Bb7 11. f3 Be7 12. Rfd1 Ne5 13. Ndxb5 axb5 14. Nxb5 Qc6 15. Nxd6+ Bxd6 16. Qxd6 Qxd6 17. Rxd6 0-0 18. Bf4 Ng6 19. Be3 Rfc8 20. c4 Ba6 21. b3 e5 22. Rc1 Nf8 23. b4 Ne6 24. a4 Rcb8 25. b5 Bc8 26. Ra1 Nd7 27. c5 Kf8 28. Rd5 Nc7 29. Rdd1 Ra5 30. c6 Nf6 31. b6 Nce8 32. Bd2 Rc5 33. Bb4 1-0

[Event "Dois Irmaos op"]
[Site "Dois Irmaos"]
[Date "2011.12.16"]
[Round "2"]
[White "Engelmann, Anelise Maria"]
[Black "Gazola, Andre Augusto"]
[Result "0-1"]
[WhiteElo "1690"]
[BlackElo "2105"]
[PlyCount "36"]
[EventDate "2011.12.16"]
[EventType "swiss"]
[EventRounds "6"]
[EventCountry "BRA"]
[SourceTitle "CBM 146 Extra"]
[Source "ChessBase"]
[SourceDate "2012.02.29"]
[SourceVersion "1"]
[SourceVersionDate "2012.02.29"]
[SourceQuality "1"]

1. e4 c5 2. Nf3 d6 3. Nc3 Nf6 4. Be2 Nc6 5. 0-0 g6 6. d4 cxd4 7. Nxd4 Bg7 8. Nxc6 bxc6 9. Bc4 0-0 10. Bf4 Nd7 11. Qd2 Ne5 12. Bxe5 Bxe5 13. Rfe1 Rb8 14. b3 Qa5 15. Re3 Bf4 16. Rd1 Bxe3 17. fxe3 Ba6 18. Bxa6 Qxa6 0-1